000 00910cam a22002897a 4500
003 CHAP
005 20220817042101.0
008 971013s1968 r 00010 d
010 _a34091
011 _a35063
035 _a39179
040 _cCHAP
082 _a331.113
_bO35
110 _aOficina Internacional del Trabajo
_982806
245 1 3 _aLa lucha contra la discriminación en el trabajo ; manual de educación obrera
260 _aGinebra :
_bOIT,
_c1968
300 _a224 p.
590 _aBATCH-UPD
_b10
_c20130110
_lUCH01
_h0936
590 _aBATCH-UPD
_b10
_c20130410
_lUCH01
_h0554
590 _aBATCH-UPD
_b10
_c20130914
_lUCH01
_h1204
590 _aCONVERSION
_b10
_c20130109
_lUCH01
_h1319
650 1 4 _aDiscriminación en el trabajo.
_932714
650 1 4 _aTrabajo y trabajadores.
901 _aBK
942 _cLIBRO
949 _a331.113 O35
_bBC
_cLIBRO
_d33724000325858
_eLIBRO
_h12254
_i39179
_si
999 _c34091
_d34091